000 00407nam a22001697a 4500
005 20160615100314.0
008 160615b xxu||||| |||| 00| 0 eng d
020 _a978-81-203-3445-8
041 _aeng
082 _b7665
100 _aPal, Nabadu & Sarkar, Sahadep
_91953
245 _aStatistics, Concepts and Applications
260 _bPHI
300 _a442
650 _aManagement
_9241
942 _cBK
999 _c2737
_d2736